Are they enemies of allies? - Statistics

General Stats
  • This quiz has been taken 83 times
  • The average score is 7 of 8
Answer Stats
Hint Answer % Correct
Are India and Pakistan allies of enemies? enemies
98%
Are Egypt and Ethiopia allies of enemies? enemies
97%
Are USA and Mexico allies or enemies? enemies
95%
Are Israel and Malaysia allies or enemies? enemies
95%
Are France and Uk allies of enemies? allies
93%
Are Iran and Iraq allies of enemies? allies
90%
Are Turkey and Azerbaijan allies or enemies? allies
85%
Are Phillippines and Malaysia allies or enemies? enemies
75%
No matching quizzes found
Score Distribution
Percent of People with Each Score
Percentile by Number Answered
Your Score History
You have not taken this quiz